000 01135namaa2200301 i 4500
003 EG-GICUC
005 20260203093329.0
008 260127s1989 le ||||jr|||| 000 0 ara d
040 _aEG-GiCUC
_bara
_cEG-GiCUC
_dEG-GiCUC
_erda
082 0 4 _221
_a811.9
_bٌٌR5724 1989
092 0 4 _221
_a811.9
_bٌٌR5724 1989
099 _a811.9 ٌٌR5724 1989
100 1 _aالريحانى، امين فارس،
_d1876-1940
_eمؤلف.
245 _aأنتم الشعراء : هتاف الأودية : بذور للزارعين /
_cأمين الريحانى
250 _aالطبعة الرابعة.
264 _aبيروت:
_bدار الجيل،
_c1989.
300 _a277 صفحة ؛
_c24 سم.
336 _2rdacontent
_atext
337 _2rdamedia
_aUnmediated
338 _2rdacarrier
_avolume
490 _3الكتابات الشعرية
504 _aيشتمل على ارجاعات ببليوجرافية.
541 _aد.جابر عصفور؛
_bالقاهرة ؛
_cإهداء ؛
_d2024.
650 1 7 _aالشعر العربى
_vدواوين وقصائد
_2qrmak
651 1 _2qrmak
905 _aNoha
942 _2ddc
_cBK
_e21
_n0
999 _c178043
_d178043